Online Catalogue and eLibrary

Brahmanism: (Record no. 1206)

MARC details
000 -LEADER
fixed length control field 00461nam a2200193Ia 4500
005 - DATE AND TIME OF LATEST TRANSACTION
control field 20250324045606.0
008 - FIXED-LENGTH DATA ELEMENTS--GENERAL INFORMATION
fixed length control field 240331s9999 xx 000 0 und d
020 ## - INTERNATIONAL STANDARD BOOK NUMBER
ISBN 8185443025
082 ## - DDC Classification
Class No. 303.4
Item Number - Author Mark DHA
DDC Edition Number 928
100 ## - MAIN ENTRY--PERSONAL NAME
Personal name Dhawan, N
245 #0 - TITLE STATEMENT
Title Brahmanism:
Remainder of title A Political Concept
260 ## - PUBLICATION, DISTRIBUTION, ETC.
Place of publication, distribution, etc. New Delhi,
Name of publisher, distributor, etc. R. K. Gupta & Co.
300 ## - PHYSICAL DESCRIPTION
Extent (e.g. Volumes, Pages etc.) 156 p.,
650 ## - SUBJECT ADDED ENTRY--TOPICAL TERM
Topical term or geographic name entry element Brahman
650 ## - SUBJECT ADDED ENTRY--TOPICAL TERM
Topical term or geographic name entry element Hinduism
650 ## - SUBJECT ADDED ENTRY--TOPICAL TERM
Topical term or geographic name entry element Socio-Politics
650 ## - SUBJECT ADDED ENTRY--TOPICAL TERM
Topical term or geographic name entry element Culture
942 ## - Koha item type (Biblio)
Koha item type Books in Stacks (Lending)
Holdings
Lost status Damaged status Collection code Home library Current library Shelving location Date acquired Full call number Accession Number Item type
    Lending WERC Library WERC Library Social Science Cupboard 03/31/2024 303.4 DHA 928 Books in Stacks (Lending)

© WERC Library